[Event "St Petersburg Summer op"]
[Site "St Petersburg"]
[Date "2017.08.24"]
[Round "9"]
[White "Lintsova, Liliya"]
[Black "Stroganov, Anatoly"]
[Result "1-0"]
[WhiteElo "1517"]
[BlackElo "1697"]
[PlyCount "85"]
[EventDate "2017.08.16"]
[EventType "swiss"]
[EventRounds "9"]
[EventCountry "RUS"]
[SourceTitle "CBM 180 Extra"]
[Source "ChessBase"]
[SourceDate "2017.10.06"]
[SourceVersion "1"]
[SourceVersionDate "2017.10.06"]
[SourceQuality "1"]

1. d4 Nf6 2. Bf4 Nh5 3. Bg3 e6 4. e3 Nxg3 5. hxg3 c5 6. c3 cxd4 7. exd4 d5 8. Nf3 Bd6 9. Bd3 g6 10. Nbd2 a6 11. Ne5 Qf6 12. Ng4 Qg7 13. Nf3 Nc6 14. Qe2 b5 15. Kd2 h5 16. Ne3 Kd7 17. g4 hxg4 18. Nxg4 Bf4+ 19. Kc2 Bb7 20. Rae1 Rxh1 21. Rxh1 Rh8 22. Rxh8 Qxh8 23. Nfe5+ Bxe5 24. Nxe5+ Nxe5 25. Qxe5 Qxe5 26. dxe5 Kc7 27. Kd2 Kb6 28. b4 a5 29. a3 d4 30. cxd4 Bxg2 31. Ke3 Bd5 32. Be4 Bxe4 33. Kxe4 axb4 34. axb4 Kc7 35. d5 g5 36. d6+ Kc6 37. Kf3 f6 38. exf6 Kxd6 39. Kg4 Kd7 40. Kxg5 Ke8 41. Kg6 Kf8 42. f7 e5 43. f3 1-0

[Event "St Petersburg Summer op"]
[Site "St Petersburg"]
[Date "2017.08.22"]
[Round "7"]
[White "Timirev, Sergey"]
[Black "Stroganov, Anatoly"]
[Result "1/2-1/2"]
[WhiteElo "1772"]
[BlackElo "1697"]
[PlyCount "112"]
[EventDate "2017.08.16"]
[EventType "swiss"]
[EventRounds "9"]
[EventCountry "RUS"]
[SourceTitle "CBM 180 Extra"]
[Source "ChessBase"]
[SourceDate "2017.10.06"]
[SourceVersion "1"]
[SourceVersionDate "2017.10.06"]
[SourceQuality "1"]

1. c4 Nf6 2. Nc3 e6 3. d4 Bb4 4. e3 b6 5. Bd3 Bb7 6. f3 Bxc3+ 7. bxc3 Nc6 8. e4 h6 9. Be3 d6 10. Nh3 0-0 11. 0-0 e5 12. Qd2 Ne8 13. Nf2 Qe7 14. f4 Na5 15. Rae1 Ba6 16. Qe2 c5 17. fxe5 dxe5 18. Ng4 f6 19. dxe5 fxe5 20. Rxf8+ Kxf8 21. Rf1+ Kg8 22. Bxh6 Nd6 23. Bc1 Rd8 24. Ne3 Qd7 25. Nd5 Naxc4 26. Bg5 Re8 27. h4 b5 28. h5 Bb7 29. Bxc4 Nxc4 30. Qf3 Bxd5 31. exd5 e4 32. Qf4 Qxd5 33. h6 Qd7 34. hxg7 Qxg7 35. Bh6 Qg6 36. Qh4 Ne5 37. Kh1 Ng4 38. Bg5 Qh7 39. Qxh7+ Kxh7 40. Rf4 Nh6 41. Rh4 Re6 42. Kg1 e3 43. Kf1 Kg7 44. Rxh6 e2+ 45. Ke1 Rxh6 46. Bxh6+ Kxh6 47. Kxe2 Kg5 48. Ke3 Kf5 49. g4+ Ke5 50. g5 b4 51. cxb4 cxb4 52. g6 Kf6 53. Kd4 Kxg6 54. Kc4 Kf6 55. Kxb4 Ke6 56. Ka5 Kd6 1/2-1/2

[Event "St Petersburg Summer op"]
[Site "St Petersburg"]
[Date "2017.08.21"]
[Round "6"]
[White "Stroganov, Anatoly"]
[Black "Levdansky, Alexey"]
[Result "0-1"]
[WhiteElo "1697"]
[BlackElo "1928"]
[PlyCount "120"]
[EventDate "2017.08.16"]
[EventType "swiss"]
[EventRounds "9"]
[EventCountry "RUS"]
[SourceTitle "CBM 180 Extra"]
[Source "ChessBase"]
[SourceDate "2017.10.06"]
[SourceVersion "1"]
[SourceVersionDate "2017.10.06"]
[SourceQuality "1"]

1. d4 d5 2. Nf3 Nf6 3. e3 e6 4. Nbd2 Bd6 5. Bd3 0-0 6. b3 c5 7. Bb2 Nc6 8. Ne5 cxd4 9. exd4 Qe7 10. a3 Bd7 11. 0-0 Rac8 12. f4 Rfd8 13. Rf3 Be8 14. Rh3 h6 15. Qe2 Qc7 16. g4 Qb6 17. Nxc6 Bxc6 18. g5 hxg5 19. fxg5 Ne4 20. Qh5 Kf8 21. Rf1 Be8 22. Bxe4 dxe4 23. Nc4 Rxc4 24. bxc4 Qxb2 25. Qh8+ Ke7 26. Qxg7 e3 27. Qf6+ Kd7 28. Re1 Qxc2 29. Rexe3 Kc8 30. Qf1 Qd2 31. Qd3 Qc1+ 32. Qf1 Bxh2+ 33. Kg2 Qxf1+ 34. Kxf1 Bf4 35. Re4 Bxg5 36. Ke2 Bf6 37. Rd3 Kc7 38. Rd1 Be7 39. Re5 f6 40. Rxe6 Kd7 41. Rxe7+ Kxe7 42. Ke3 Rc8 43. Ra1 Bf7 44. Kd3 Rxc4 45. Re1+ Kd7 46. Rf1 Rc6 47. Kd2 Rd6 48. Rf2 Bd5 49. Kd3 Ra6 50. a4 Ke7 51. Re2+ Kf7 52. Rh2 Rxa4 53. Rh7+ Ke6 54. Rh8 Ra3+ 55. Kd2 Bc6 56. Rh5 f5 57. Rh8 Kd5 58. Rf8 Kxd4 59. Rxf5 Ra2+ 60. Kd1 a5 0-1

[Event "St Petersburg Summer op"]
[Site "St Petersburg"]
[Date "2016.08.25"]
[Round "9"]
[White "Yun, Vyacheslav"]
[Black "Stroganov, Anatoly"]
[Result "1-0"]
[WhiteElo "1750"]
[BlackElo "1762"]
[PlyCount "120"]
[EventDate "2016.08.17"]
[EventType "swiss"]
[EventRounds "9"]
[EventCountry "RUS"]
[SourceTitle "CBM 174 Extra"]
[Source "ChessBase"]
[SourceDate "2016.10.10"]
[SourceVersion "1"]
[SourceVersionDate "2016.10.10"]
[SourceQuality "1"]

1. e4 d6 2. d4 g6 3. Nc3 Nf6 4. f4 Bg7 5. Nf3 c5 6. dxc5 Qa5 7. Qd3 Qxc5 8. Be3 Qa5 9. Qb5+ Nc6 10. Qxa5 Nxa5 11. Nb5 Kd7 12. e5 Nd5 13. Bd2 Nc6 14. c4 Ndb4 15. Bxb4 Nxb4 16. 0-0-0 a6 17. Nc3 b6 18. a3 Nc6 19. Nd5 Rb8 20. exd6 exd6 21. Ng5 f5 22. Bd3 h6 23. Nf3 Ne7 24. Nh4 Nxd5 25. cxd5 Rg8 26. Nxg6 Kd8 27. Nh4 Bf6 28. Nxf5 Bxf5 29. Bxf5 Rxg2 30. Rd2 Rxd2 31. Kxd2 Bxb2 32. a4 Kc7 33. Bd3 b5 34. axb5 axb5 35. Rb1 Bd4 36. Bxb5 Rg8 37. Rc1+ Bc5 38. Be2 Rg2 39. h3 Kd8 40. Rf1 Ke7 41. Kd3 Kf6 42. Bf3 Ra2 43. Re1 Ra3+ 44. Ke4 Ra4+ 45. Kd3 Rxf4 46. Re6+ Kg7 47. Be4 Rh4 48. Re7+ Kf6 49. Rh7 Rxh3+ 50. Kc4 Ke5 51. Re7+ Kf4 52. Bg6 Kg5 53. Be8 Rh4+ 54. Kb5 Rb4+ 55. Kc6 Rb6+ 56. Kc7 Rb2 57. Rg7+ Kf4 58. Rg6 Rh2 59. Rxd6 Bxd6+ 60. Kxd6 h5 1-0

[Event "St Petersburg Summer op"]
[Site "St Petersburg"]
[Date "2016.08.22"]
[Round "6"]
[White "Stroganov, Anatoly"]
[Black "Mestnikov, Aital"]
[Result "0-1"]
[WhiteElo "1762"]
[BlackElo "2040"]
[PlyCount "82"]
[EventDate "2016.08.17"]
[EventType "swiss"]
[EventRounds "9"]
[EventCountry "RUS"]
[SourceTitle "CBM 174 Extra"]
[Source "ChessBase"]
[SourceDate "2016.10.10"]
[SourceVersion "1"]
[SourceVersionDate "2016.10.10"]
[SourceQuality "1"]

1. d4 Nf6 2. Nf3 c5 3. e3 e6 4. Bd3 d5 5. b3 cxd4 6. exd4 Nc6 7. a3 Bd6 8. Bb2 0-0 9. Ne5 Qc7 10. f4 Ne4 11. Bxe4 dxe4 12. 0-0 f6 13. Nxc6 bxc6 14. Bc1 c5 15. d5 f5 16. dxe6 Bxe6 17. c4 Rad8 18. Qc2 Be7 19. Bb2 Rd3 20. Nc3 Rfd8 21. Rad1 Bf6 22. Nd5 Bxd5 23. Bxf6 gxf6 24. cxd5 R8xd5 25. Rxd3 Rxd3 26. Qc4+ Kg7 27. g3 Qd6 28. Qb5 Rd2 29. Qe8 Qd4+ 30. Kh1 Qd5 31. Qe7+ Kg6 32. Qe8+ Kh6 33. Qf8+ Kh5 34. Qe8+ Kg4 35. h3+ Kxg3 36. Rg1+ Kh4 37. Qg8 Qxg8 38. Rxg8 e3 39. Kg1 Rd1+ 40. Kg2 e2 41. Rg7 h5 0-1

[Event "St Petersburg Summer op"]
[Site "St Petersburg"]
[Date "2016.08.19"]
[Round "3"]
[White "Brugo, Marco"]
[Black "Stroganov, Anatoly"]
[Result "1-0"]
[WhiteElo "2053"]
[BlackElo "1762"]
[PlyCount "81"]
[EventDate "2016.08.17"]
[EventType "swiss"]
[EventRounds "9"]
[EventCountry "RUS"]
[SourceTitle "CBM 174 Extra"]
[Source "ChessBase"]
[SourceDate "2016.10.10"]
[SourceVersion "1"]
[SourceVersionDate "2016.10.10"]
[SourceQuality "1"]

1. d4 Nf6 2. c4 e5 3. dxe5 Ng4 4. Bf4 Bb4+ 5. Nd2 d6 6. exd6 Qf6 7. Nh3 Nc6 8. g3 cxd6 9. Bg2 Nge5 10. 0-0 Bxd2 11. Bxd2 Bxh3 12. Bxh3 Nxc4 13. Bc3 Qh6 14. Bg2 0-0 15. e4 Rad8 16. b3 Nb6 17. f4 Rfe8 18. Qd2 Re7 19. Rad1 Red7 20. Qe2 Re7 21. Qf2 Nd7 22. Rfe1 Nf6 23. Qb2 Ne8 24. Re2 f6 25. Red2 Rc8 26. Rd5 Rec7 27. R5d2 Qh5 28. b4 a6 29. a4 Qg4 30. b5 axb5 31. axb5 Nb8 32. Bb4 h5 33. Qb3+ Kh7 34. h3 Qg6 35. Kh2 Nd7 36. Bxd6 Rc3 37. f5 Qg5 38. Qxc3 Rxc3 39. Bf4 Ne5 40. Bxg5 fxg5 41. Rd8 1-0

[Event "St Petersburg Summer op"]
[Site "St Petersburg"]
[Date "2016.08.17"]
[Round "1"]
[White "Lagashin, Pavel"]
[Black "Stroganov, Anatoly"]
[Result "1-0"]
[WhiteElo "2186"]
[BlackElo "1762"]
[PlyCount "120"]
[EventDate "2016.08.17"]
[EventType "swiss"]
[EventRounds "9"]
[EventCountry "RUS"]
[SourceTitle "CBM 174 Extra"]
[Source "ChessBase"]
[SourceDate "2016.10.10"]
[SourceVersion "1"]
[SourceVersionDate "2016.10.10"]
[SourceQuality "1"]

1. c4 Nf6 2. Nc3 e6 3. e4 Bb4 4. e5 Ng8 5. Qg4 Bf8 6. d4 Nc6 7. Be3 d6 8. f4 Nh6 9. Qd1 Nf5 10. Bf2 dxe5 11. dxe5 Qxd1+ 12. Rxd1 Bb4 13. g4 Nfe7 14. Bg2 Bd7 15. Nge2 0-0-0 16. Kd2 Nxe5 17. fxe5 Bc6+ 18. Kc2 Bxg2 19. Rxd8+ Rxd8 20. Rg1 Bxc3 21. Nxc3 Bc6 22. b4 Ng6 23. Bg3 Rd4 24. b5 Be8 25. h3 Rxc4 26. Kd3 Rb4 27. a4 Nf4+ 28. Bxf4 Rxf4 29. Ke3 Rb4 30. Ra1 c6 31. Ne4 cxb5 32. Nd6+ Kd8 33. axb5 Bxb5 34. Rxa7 Bc6 35. Ra8+ Ke7 36. Rg8 Rb3+ 37. Kd4 Rxh3 38. Rxg7 Be8 39. Rg8 Bc6 40. g5 Rh4+ 41. Kc5 Ra4 42. Nc8+ Kd7 43. Nb6+ Ke7 44. Nxa4 Bxa4 45. Rb8 Bc6 46. Kd4 Bf3 47. Rh8 Bh5 48. Rxh7 Bg6 49. Rh2 Kd7 50. Rb2 Kc6 51. Rb3 b6 52. Rf3 Kb5 53. Rc3 Kb4 54. Rc4+ Kb3 55. Rc6 b5 56. Kc5 Kc3 57. Rb6 Kd3 58. Rxb5 Ke4 59. Kd6 Kf5 60. Rb2 Kxg5 1-0

[Event "Chigorin Memorial 23rd"]
[Site "St Petersburg"]
[Date "2015.10.03"]
[Round "1"]
[White "Stroganov, Anatoly"]
[Black "Shkalov, Oleg"]
[Result "0-1"]
[WhiteElo "1795"]
[BlackElo "2239"]
[PlyCount "120"]
[EventDate "2015.10.03"]
[EventType "swiss"]
[EventRounds "9"]
[EventCountry "RUS"]
[SourceTitle "CBM 168 Extra"]
[Source "ChessBase"]
[SourceDate "2015.10.29"]
[SourceVersion "1"]
[SourceVersionDate "2015.10.29"]
[SourceQuality "1"]

1. d4 Nf6 2. Nf3 e6 3. e3 b6 4. Nbd2 Bb7 5. Bd3 d5 6. 0-0 c5 7. b3 Nc6 8. Bb2 Bd6 9. Ne5 Qc7 10. f4 a6 11. a3 b5 12. Nxc6 Qxc6 13. dxc5 Bxc5 14. Bd4 Bxd4 15. exd4 Qc3 16. Nf3 Ne4 17. Qe1 f5 18. Qxc3 Nxc3 19. Rae1 Ne4 20. g3 Ke7 21. Kg2 Rhc8 22. h3 Rc3 23. Re2 Bc6 24. Nd2 Be8 25. g4 Rac8 26. Nb1 R3c7 27. gxf5 exf5 28. c4 bxc4 29. bxc4 dxc4 30. Bxe4 fxe4 31. Rxe4+ Kd6 32. Nc3 Rb7 33. Re5 Rb2+ 34. Kg1 Bc6 35. d5 Bb7 36. Rfe1 Rc2 37. Ne4+ Kd7 38. Rb1 Ba8 39. Rb6 Kc7 40. Rxa6 Rb8 41. Ra7+ Kd8 42. Nf2 c3 43. Rxg7 Rb1+ 44. Kg2 Rxf2+ 45. Kxf2 c2 46. Rf5 Rf1+ 47. Ke2 Re1+ 48. Kf2 c1Q 49. Rf8+ Re8 50. Rxe8+ Kxe8 51. Rg8+ Kf7 52. Rxa8 Qxf4+ 53. Kg2 Qe4+ 54. Kg3 Qd3+ 55. Kf4 Qd4+ 56. Kg3 Qxd5 57. Ra7+ Kg6 58. Ra6+ Kf5 59. Kf2 Qd2+ 60. Kg1 Qe1+ 0-1

[Event "Chigorin Memorial 22nd"]
[Site "St Petersburg"]
[Date "2014.10.21"]
[Round "4"]
[White "Stroganov, Anatoly"]
[Black "Ladzin, Ivan"]
[Result "1-0"]
[WhiteElo "1789"]
[BlackElo "1961"]
[PlyCount "143"]
[EventDate "2014.10.18"]
[EventType "swiss"]
[EventRounds "9"]
[EventCountry "RUS"]
[SourceTitle "EXT 2015"]
[Source "ChessBase"]
[SourceDate "2014.11.20"]
[SourceVersion "1"]
[SourceVersionDate "2014.11.20"]
[SourceQuality "1"]

1. d4 d5 2. Nf3 Nf6 3. e3 e6 4. Bd3 c5 5. b3 Nc6 6. 0-0 Bd6 7. Bb2 0-0 8. a3 a6 9. Ne5 Qc7 10. f4 Ne4 11. Nd2 Nxd2 12. Qxd2 cxd4 13. exd4 f6 14. Nxc6 bxc6 15. b4 Bd7 16. c4 dxc4 17. Bxc4 Kh8 18. Rac1 Qb6 19. Kh1 Rfe8 20. Bc3 Rab8 21. Ba2 Qb5 22. Bb1 Qd5 23. Rf3 Rf8 24. Rh3 f5 25. Qf2 Be7 26. Re1 Bf6 27. Ba2 Qd6 28. Qd2 Rbd8 29. Rd1 Be8 30. Rd3 Bf7 31. g3 Rd7 32. h3 Kg8 33. Re1 Rfd8 34. Kh2 Qe7 35. Qe3 Rd6 36. Bc4 Qd7 37. Red1 Qa7 38. R1d2 R8d7 39. Bb3 Rd8 40. Bd1 Qd7 41. Bf3 Qe8 42. Bb2 R8d7 43. Rd1 Qd8 44. R3d2 Qb6 45. Bc3 Qd8 46. Be2 Qb6 47. Kg2 h6 48. Kf1 Qb7 49. Bf3 Qb6 50. Ke1 e5 51. fxe5 Bg5 52. Qd3 Bxd2+ 53. Rxd2 Re6 54. Qxf5 Ree7 55. Be4 Be6 56. Qh7+ Kf8 57. Qh8+ Bg8 58. Bh7 Re8 59. Qxg8+ Ke7 60. Qxg7+ Kd8 61. Qf6+ Kc7 62. Bf5 Rdd8 63. Qf7+ Kb8 64. Qc4 Rf8 65. Be4 Rc8 66. Rf2 Rfe8 67. e6 Qc7 68. Rf7 Qb6 69. Bf5 Rc7 70. Kd1 Rce7 71. Qc5 Qc7 72. Qe5 1-0

[Event "Chigorin Memorial 22nd"]
[Site "St Petersburg"]
[Date "2014.10.19"]
[Round "2"]
[White "Stroganov, Anatoly"]
[Black "Fraiman, Dmitry"]
[Result "0-1"]
[WhiteElo "1789"]
[BlackElo "2093"]
[PlyCount "68"]
[EventDate "2014.10.18"]
[EventType "swiss"]
[EventRounds "9"]
[EventCountry "RUS"]
[SourceTitle "EXT 2015"]
[Source "ChessBase"]
[SourceDate "2014.11.20"]
[SourceVersion "1"]
[SourceVersionDate "2014.11.20"]
[SourceQuality "1"]

1. d4 Nf6 2. Nf3 g6 3. Nbd2 Bg7 4. e4 d6 5. c3 0-0 6. Be2 Nbd7 7. 0-0 e5 8. d5 a5 9. Re1 Nc5 10. Qc2 a4 11. Bf1 Nh5 12. b4 axb3 13. Nxb3 Nxb3 14. Qxb3 h6 15. g3 f5 16. Nh4 Kh7 17. exf5 gxf5 18. Qc2 e4 19. f3 Nf6 20. fxe4 Nxe4 21. Rxe4 fxe4 22. Qxe4+ Kg8 23. Bd3 Qf6 24. Qh7+ Kf7 25. Be3 Rh8 26. Qe4 Re8 27. Qg6+ Ke7 28. Bg5 Qxg5 29. Re1+ Be5 30. Qh7+ Kd8 31. Nf3 Qf6 32. Rf1 Qg7 33. Nxe5 Qxh7 34. Bxh7 dxe5 0-1

[Event "Chigorin Memorial 21st"]
[Site "St Petersburg"]
[Date "2013.10.09"]
[Round "5"]
[White "Skvortsov, Sergey"]
[Black "Stroganov, Anatoly"]
[Result "1-0"]
[WhiteElo "1980"]
[BlackElo "1781"]
[PlyCount "101"]
[EventDate "2013.10.05"]
[EventType "swiss"]
[EventRounds "9"]
[EventCountry "RUS"]
[SourceTitle "CBM 156 Extra"]
[Source "ChessBase"]
[SourceDate "2013.10.22"]
[SourceVersion "1"]
[SourceVersionDate "2013.10.22"]
[SourceQuality "1"]

1. e4 c5 2. Nf3 d6 3. Bb5+ Bd7 4. Bxd7+ Qxd7 5. c4 Nc6 6. Nc3 g6 7. 0-0 Bg7 8. a3 e6 9. Re1 Ne5 10. d3 Nxf3+ 11. Qxf3 Ne7 12. Bf4 0-0 13. Qg3 Rad8 14. Qe3 a6 15. Rab1 Nc6 16. Bh6 Nd4 17. Bxg7 Kxg7 18. Qh3 b5 19. e5 b4 20. Ne4 dxe5 21. Nxc5 Qc6 22. Rxe5 bxa3 23. bxa3 Rb8 24. Rf1 Rb2 25. Ne4 f6 26. Rc5 Qb6 27. Qe3 Nb3 28. Rb5 Qxe3 29. Rb7+ Rf7 30. Rxf7+ Kxf7 31. fxe3 f5 32. g4 Nd2 33. Nxd2 Rxd2 34. d4 Rd3 35. Kf2 Rxa3 36. gxf5 gxf5 37. c5 Ke7 38. Rb1 h5 39. Rb7+ Kd8 40. Kf3 Ra2 41. Kf4 Rxh2 42. Ke5 Re2 43. Kd6 Kc8 44. Rh7 Kb8 45. c6 Rc2 46. Rh8+ Ka7 47. c7 Kb6 48. c8Q Rxc8 49. Rxc8 Kb5 50. Kxe6 a5 51. d5 1-0

[Event "Chigorin Memorial 21st"]
[Site "St Petersburg"]
[Date "2013.10.07"]
[Round "3"]
[White "Osipov, Vladimir N"]
[Black "Stroganov, Anatoly"]
[Result "0-1"]
[WhiteElo "1919"]
[BlackElo "1781"]
[PlyCount "115"]
[EventDate "2013.10.05"]
[EventType "swiss"]
[EventRounds "9"]
[EventCountry "RUS"]
[SourceTitle "CBM 156 Extra"]
[Source "ChessBase"]
[SourceDate "2013.10.22"]
[SourceVersion "1"]
[SourceVersionDate "2013.10.22"]
[SourceQuality "1"]

1. e4 c5 2. Nf3 d6 3. d4 cxd4 4. Nxd4 Nf6 5. Nc3 g6 6. Be3 Bg7 7. Bc4 0-0 8. f3 Nc6 9. Qd2 Ne5 10. Bb3 Bd7 11. h4 h5 12. 0-0-0 Rc8 13. Bh6 Nc4 14. Bxc4 Rxc4 15. Bxg7 Kxg7 16. Qg5 Rc5 17. Qg3 b5 18. Nb3 Rc4 19. e5 Ne8 20. Rd5 Qb6 21. Re1 b4 22. Ne4 Rxc2+ 23. Kxc2 Qc6+ 24. Nc3 Bf5+ 25. Kc1 bxc3 26. Red1 Nc7 27. Ra5 cxb2+ 28. Kxb2 Qc2+ 29. Ka3 Qxd1 30. Qg5 f6 31. exf6+ Rxf6 32. Qe3 Re6 33. Qc3+ Kf7 34. Qxc7 Qe2 35. Rxa7 Qxg2 36. Qc3 Qf2 37. Ra8 Re5 38. Qc4+ Be6 39. Qf4+ Rf5 40. Qh6 Bxb3 41. Rf8+ Ke6 42. Qxg6+ Rf6 43. Qe4+ Kd7 44. Qb7+ Ke6 45. Qxb3+ d5 46. Rxf6+ exf6 47. Qc3 Qxh4 48. Qe3+ Kf7 49. f4 Qg4 50. Kb4 Qe6 51. Qg3 Qb6+ 52. Kc3 Qc5+ 53. Kb2 Qb5+ 54. Kc3 Qc4+ 55. Kb2 d4 56. Qh4 Qe2+ 57. Kb3 d3 58. Qh3 0-1

[Event "St Petersburg Spring op"]
[Site "St Petersburg"]
[Date "2012.03.23"]
[Round "2"]
[White "Stroganov, Anatoly"]
[Black "Letova, Tatiana"]
[Result "1/2-1/2"]
[WhiteElo "1855"]
[BlackElo "1622"]
[PlyCount "110"]
[EventDate "2012.03.22"]
[EventType "swiss"]
[EventRounds "9"]
[EventCountry "RUS"]
[SourceTitle "EXT 2013"]
[Source "ChessBase"]
[SourceDate "2012.11.22"]
[SourceVersion "1"]
[SourceVersionDate "2012.11.22"]
[SourceQuality "1"]

1. d4 d5 2. Nf3 Nf6 3. e3 e6 4. Bd3 b6 5. 0-0 Bb7 6. Nbd2 Nbd7 7. b3 c5 8. Bb2 Be7 9. Qe2 0-0 10. Rad1 Qc7 11. Ne5 Bd6 12. f4 Ne4 13. Nxd7 Qxd7 14. dxc5 Nxc5 15. c4 Nxd3 16. Qxd3 Qe7 17. cxd5 Bxd5 18. Nc4 Bc5 19. Kh1 Qb7 20. Qe2 Rfd8 21. Rfe1 b5 22. Na5 Qb6 23. e4 Bxe4 24. Qxe4 Qxa5 25. a4 Qb6 26. axb5 Rac8 27. h3 Bf8 28. Rxd8 Qxd8 29. Bd4 Qd7 30. Re3 Rb8 31. b6 axb6 32. Rg3 f5 33. Qe3 b5 34. Kh2 Rc8 35. Be5 Re8 36. Qc3 Re7 37. Rd3 Qe8 38. Qd4 g6 39. Qb6 Qa8 40. Rd8 Qb7 41. Qd4 Qc6 42. Bd6 Re8 43. Bxf8 Rxf8 44. Rxf8+ Kxf8 45. Qh8+ Kf7 46. Qxh7+ Kf6 47. Qg8 Qd6 48. Qh8+ Kf7 49. Qe5 Qc6 50. Qh8 b4 51. Qh7+ Kf6 52. Qh4+ Kf7 53. Qh7+ Kf6 54. Qh4+ Kf7 55. Qh7+ Kf6 1/2-1/2

[Event "St Petersburg Autumn op"]
[Site "St Petersburg"]
[Date "2011.11.03"]
[Round "7"]
[White "Stroganov, Anatoly"]
[Black "Petrochenko, Maria"]
[Result "1-0"]
[WhiteElo "1866"]
[BlackElo "1522"]
[PlyCount "105"]
[EventDate "2011.10.28"]
[EventType "swiss"]
[EventRounds "9"]
[EventCountry "RUS"]
[SourceTitle "EXT 2013"]
[Source "ChessBase"]
[SourceDate "2012.11.22"]
[SourceVersion "1"]
[SourceVersionDate "2012.11.22"]
[SourceQuality "1"]

1. d4 d5 2. Nf3 Nf6 3. Nbd2 Bf5 4. Nh4 Bg6 5. f3 e6 6. Nb3 Nbd7 7. Be3 Ng4 8. Nxg6 Nxe3 9. Qd3 Nxc2+ 10. Qxc2 hxg6 11. g3 Bb4+ 12. Kf2 Rc8 13. a3 Bd6 14. Na5 Rb8 15. b4 c6 16. e3 Qc7 17. Bg2 Rxh2 18. f4 Rxh1 19. Rxh1 Rc8 20. Kf3 b6 21. Rh8+ Bf8 22. Nb3 Qb7 23. g4 Qa6 24. Qb2 Qd3 25. Nd2 Qa6 26. f5 exf5 27. gxf5 g5 28. Bf1 Qb7 29. e4 Kd8 30. Qc3 dxe4+ 31. Nxe4 Kc7 32. Nxg5 f6 33. Ne4 Kb8 34. Kf2 Qc7 35. Bc4 Qf4+ 36. Qf3 Qxf3+ 37. Kxf3 Kc7 38. Be6 Be7 39. Rh7 Bf8 40. Bxd7 Kxd7 41. Nxf6+ Kd6 42. Nh5 Rc7 43. Nf4 Rf7 44. Ke4 Re7+ 45. Kf3 Rf7 46. Kg4 Be7 47. Nh5 Bf8 48. f6 Kd5 49. fxg7 Bxg7 50. Nxg7 Kc4 51. Kg5 Kb3 52. Rh3+ Kc4 53. Nf5 1-0

[Event "St Petersburg Autumn op"]
[Site "St Petersburg"]
[Date "2011.11.02"]
[Round "6"]
[White "Chuinyshena, Svetlana"]
[Black "Stroganov, Anatoly"]
[Result "0-1"]
[WhiteElo "1621"]
[BlackElo "1866"]
[PlyCount "64"]
[EventDate "2011.10.28"]
[EventType "swiss"]
[EventRounds "9"]
[EventCountry "RUS"]
[SourceTitle "EXT 2013"]
[Source "ChessBase"]
[SourceDate "2012.11.22"]
[SourceVersion "1"]
[SourceVersionDate "2012.11.22"]
[SourceQuality "1"]

1. d4 Nf6 2. Nf3 e6 3. c4 Bb4+ 4. Bd2 Bxd2+ 5. Qxd2 b6 6. g3 Ne4 7. Qc2 Bb7 8. Bg2 0-0 9. 0-0 f5 10. e3 d6 11. Rd1 Nd7 12. Nfd2 Ndf6 13. Nxe4 fxe4 14. Nc3 d5 15. cxd5 exd5 16. Rac1 c6 17. a3 Ng4 18. Rf1 Qg5 19. Qe2 Rf6 20. h4 Qg6 21. Nd1 a5 22. Re1 Ba6 23. Qd2 Raf8 24. b3 Bd3 25. Ra1 Qh5 26. Ra2 g5 27. Bh3 gxh4 28. f3 Rxf3 29. Bxg4 Rxg3+ 30. Kh1 Qxg4 31. Qh2 Bf1 32. Nf2 Qf3+ 0-1

[Event "Chigorin Memorial 19th"]
[Site "St Petersburg"]
[Date "2011.10.20"]
[Round "7"]
[White "Filin, Evgeny Konstantinov"]
[Black "Stroganov, Anatoly"]
[Result "1-0"]
[WhiteElo "1709"]
[BlackElo "1866"]
[PlyCount "85"]
[EventDate "2011.10.14"]
[EventType "swiss"]
[EventRounds "9"]
[EventCountry "RUS"]
[SourceTitle "CBM 144 Extra"]
[Source "ChessBase"]
[SourceDate "2011.10.28"]
[SourceVersion "1"]
[SourceVersionDate "2011.10.28"]
[SourceQuality "1"]

1. e4 d6 2. Nf3 Nf6 3. d3 g6 4. g3 Bg7 5. Bg2 Nc6 6. c3 Rb8 7. h3 h6 8. 0-0 0-0 9. Nh2 e5 10. f4 Ne7 11. Be3 c5 12. fxe5 dxe5 13. Bxc5 b6 14. Be3 Qd7 15. d4 Rd8 16. d5 Nc6 17. Qc2 Na5 18. b3 Nb7 19. Nd2 Nd6 20. c4 Ba6 21. Rac1 Rbc8 22. Qd1 Qe7 23. Rf2 Nb7 24. Qe2 Kh7 25. Rcf1 Rf8 26. Ng4 Nh5 27. Kh2 f5 28. exf5 gxf5 29. Rxf5 Rxf5 30. Rxf5 Qe8 31. Rxh5 Nd6 32. Rxh6+ Bxh6 33. Nf6+ Kg7 34. Nxe8+ Rxe8 35. Qg4+ Kh7 36. Qh5 Kg8 37. Qxh6 Nf7 38. Qg6+ Kf8 39. Bh6+ Nxh6 40. Qxh6+ Ke7 41. Ne4 Bc8 42. d6+ Kd8 43. Nf6 1-0

[Event "St Petersburg Spring op"]
[Site "St Petersburg"]
[Date "2011.03.27"]
[Round "5"]
[White "Stroganov, Anatoly"]
[Black "Balichev, Andrey"]
[Result "1-0"]
[WhiteElo "1914"]
[BlackElo "1688"]
[PlyCount "49"]
[EventDate "2011.03.23"]
[EventType "swiss"]
[EventRounds "9"]
[EventCountry "RUS"]
[SourceTitle "CBM 141 Extra"]
[Source "ChessBase"]
[SourceDate "2011.05.03"]
[SourceVersion "1"]
[SourceVersionDate "2011.05.03"]
[SourceQuality "1"]

1. d4 Nf6 2. Nf3 g6 3. Nbd2 Bg7 4. e4 d6 5. c3 0-0 6. Be2 c5 7. d5 Nfd7 8. 0-0 f5 9. exf5 Rxf5 10. Bd3 Rf8 11. Ne4 Nb6 12. Nfg5 Qc7 13. Rb1 a5 14. b3 Na6 15. Bb2 c4 16. Bc2 Nc5 17. Ng3 Bf6 18. Nxh7 Rf7 19. Nxf6+ Rxf6 20. b4 Ncd7 21. a3 a4 22. Bc1 Nf8 23. Bg5 Rf7 24. f4 e6 25. dxe6 1-0

[Event "St Petersburg Spring op"]
[Site "St Petersburg"]
[Date "2011.03.25"]
[Round "3"]
[White "Stroganov, Anatoly"]
[Black "Kashtanov, Ruslan"]
[Result "0-1"]
[WhiteElo "1914"]
[BlackElo "2355"]
[PlyCount "68"]
[EventDate "2011.03.23"]
[EventType "swiss"]
[EventRounds "9"]
[EventCountry "RUS"]
[SourceTitle "CBM 141 Extra"]
[Source "ChessBase"]
[SourceDate "2011.05.03"]
[SourceVersion "1"]
[SourceVersionDate "2011.05.03"]
[SourceQuality "1"]

1. d4 Nf6 2. Nf3 e6 3. g3 b5 4. Bg2 Bb7 5. 0-0 c5 6. c3 Be7 7. Re1 0-0 8. Nbd2 cxd4 9. cxd4 Na6 10. b3 Rc8 11. Bb2 Nb4 12. Rf1 Qb6 13. Ba3 Nfd5 14. Bxb4 Bxb4 15. a3 Bc3 16. Rc1 Bb2 17. Rxc8 Rxc8 18. Nb1 b4 19. a4 Ba6 20. Ne5 Qxd4 21. Nd3 Bc3 22. Bxd5 Qxd5 23. Nxc3 bxc3 24. Qc2 Bb7 25. f3 Qd4+ 26. Kg2 Qe3 27. Rd1 e5 28. Ne1 d5 29. Kf1 a6 30. Nd3 e4 31. Ne5 f5 32. Qc1 c2 33. Qxe3 cxd1Q+ 34. Kg2 Rc2 0-1

[Event "Chigorin Memorial 18th"]
[Site "St Petersburg"]
[Date "2010.10.29"]
[Round "2"]
[White "Kopasov, Alexander"]
[Black "Stroganov, Anatoly"]
[Result "1-0"]
[WhiteElo "2198"]
[BlackElo "1886"]
[PlyCount "93"]
[EventDate "2010.10.28"]
[EventType "swiss"]
[EventRounds "9"]
[EventCountry "RUS"]
[SourceTitle "EXT 2011"]
[Source "ChessBase"]
[SourceDate "2010.11.26"]
[SourceVersion "1"]
[SourceVersionDate "2010.11.26"]
[SourceQuality "1"]

1. d4 Nf6 2. g3 d5 3. Bg2 c6 4. c4 e6 5. Nf3 Bb4+ 6. Bd2 Be7 7. 0-0 0-0 8. Nc3 Na6 9. Bg5 Nc7 10. Bxf6 Bxf6 11. e4 dxc4 12. e5 Be7 13. Qc2 Nd5 14. Nd2 b5 15. a4 b4 16. Nce4 Qb6 17. Nxc4 Qd8 18. Ncd6 Bd7 19. a5 f5 20. exf6 Bxf6 21. Nxf6+ Qxf6 22. Qc5 h6 23. Nc4 Qe7 24. Qxe7 Nxe7 25. Ne5 Be8 26. Rfc1 Rd8 27. Rc4 Nf5 28. Rd1 c5 29. d5 Ba4 30. Rd2 Bb3 31. Rxc5 exd5 32. Rd3 Ba2 33. b3 Ne7 34. Rc7 Rfe8 35. f4 Bb1 36. Rd2 a6 37. Nc6 Nxc6 38. Rxc6 d4 39. Rxa6 d3 40. Kf2 Bc2 41. Rb6 Bxb3 42. Rxb4 Bd5 43. Rxd3 Bxg2 44. Rxd8 Rxd8 45. Kxg2 Rd2+ 46. Kh3 Ra2 47. Rb5 1-0